00441nam a2200097Ia 4500008004100000100001800041245016700059260003100226650002500257856006100282160909s9999 xx 000 0 und d aOrey, Maureen aIt Worth It? The Career Benefits and Return on Investment of Volunteer Leadership as Perceived by Chapter Leaders in a Professional Talent Development Association bBrandman University.c2016 aFINANCIAL MANAGEMENT uhttp://pqdtopen.proquest.com/doc/1810149522.html?FMT=ABS